000 00704nam a2200217 i 4500
001 23770
003 ES-MaACL
005 20251003195615.0
007 t|
008 021212s1974 sp ||||1| spa d
100 1 _aAmézaga, Elías,
_d1921-2008
_921216
245 1 0 _aEnrique Quarto /
_cElías Amezaga.
260 _a[Madrid] :
_bEdiciones del Centro,
_c[1974]
300 _a269 p. ;
_c21 cm.
490 1 _aEdiciones del Centro ;
_v13
600 0 _aEnrique,
_bIV-
_cRey de Castilla
_9236317
651 4 _aCastilla (Reino)-
_xHistoria-
_y1454-1474, Enrique IV
_97991
830 0 _aEdiciones del Centro ;
_v13
_9181262
852 _aES-MaACL
_jE-5598
_bR.89944
999 _c23770
_d23770